000
00382nam a2200133Ia 4500
008
151001s9999||||xx |||||||||||||| ||und||
100
_a
सदाशिव आठवले
245
_a
राणा प्रताप
250
_a
1
260
_b
श्रीविद्या प्रकाशन पुणे
260
_c
2001
300
_a
146
365
_b
21
999
_c
978269
_d
978266